000 01197nam a2200289Ia 4500
999 _c5499
_d5499
003 OSt
005 20200605163422.0
008 191128s1976 mx ad gr 000 0 spa d
020 _a70909202
040 _aCO-JMCR
_cCO-JMCR
041 1 _aspa
_heng
082 0 4 _a330.1 /
_bS182m
_223
100 1 _aSalvatore, Dominick,
_eautor
_95077
245 1 0 _aTeoría y problemas de microeconomía /
_cpor Dominick Salvatore ; traducido por Jorge Cardenas Nannetti
260 _aMéxico ; Bogotá :
_bMcGraw-Hill,
_c1976
300 _a279 páginas
_bgráficos a blanco y negro
_c26 cm.
490 0 _aSerie de compendios Schaum
500 _aIncluye índice páginas 275-279.
505 _aDemanda, oferta y equilibrio: consideraciones generales -- Medida de las elasticidades -- Demanda del consumidor: teorís de la utilidad -- Demanda del consumidor: teoría de las curvas de indiferencia -- Teoría de la producción
534 _pMicroeconomic theory and problems
546 _aTraducido del inglés
650 1 4 _aMicroeconomía
_95082
650 2 4 _aTeoría económica
_95083
650 2 4 _aEconomía demanda
_95018
700 1 _aCardenas Nannetti, Jorge,
_etraductor
_92223
942 _2ddc
_cBK